The tragedy of Pudd'nhead Wilson / (Record no. 200468291)

MARC details
000 -LEADER
fixed length control field 01168cam a2200313 a 4500
001 - CONTROL NUMBER
control field 200468291
003 - CONTROL NUMBER IDENTIFIER
control field TR-AnTOB
005 - DATE AND TIME OF LATEST TRANSACTION
control field 20260424112804.0
007 - PHYSICAL DESCRIPTION FIXED FIELD--GENERAL INFORMATION
fixed length control field ta
008 - FIXED-LENGTH DATA ELEMENTS--GENERAL INFORMATION
fixed length control field 970414t19651958nyu b 000 1 eng
040 ## - CATALOGING SOURCE
Original cataloging agency DLC
Language of cataloging eng
Description conventions rda
Transcribing agency DLC
Modifying agency OCL
-- XY4
-- BGZ
-- TR-AnTOB
041 0# - LANGUAGE CODE
Language code of text/sound track or separate title İngilizce
050 14 - LIBRARY OF CONGRESS CALL NUMBER
Classification number PS1317
Item number .A1 1964
090 ## - LOCALLY ASSIGNED LC-TYPE CALL NUMBER (OCLC); LOCAL CALL NUMBER (RLIN)
Classification number (OCLC) (R) ; Classification number, CALL (RLIN) (NR) PS1317
Local cutter number (OCLC) ; Book number/undivided call number, CALL (RLIN) .A1 1964
100 1# - MAIN ENTRY--PERSONAL NAME
Personal name Twain, Mark,
Dates associated with a name 1835-1910
9 (RLIN) 116971
Relator term author
245 14 - TITLE STATEMENT
Title The tragedy of Pudd'nhead Wilson /
Statement of responsibility, etc. Mark Twain ; with a foreword by Wright Morris.
246 10 - VARYING FORM OF TITLE
Title proper/short title Pudd'nhead Wilson.
264 ## - PRODUCTION, PUBLICATION, DISTRIBUTION, MANUFACTURE, AND COPYRIGHT NOTICE
Place of production, publication, distribution, manufacture London :
Name of producer, publisher, distributor, manufacturer A Signet Classic,
Date of production, publication, distribution, manufacture, or copyright notice 1964.
Date of production, publication, distribution, manufacture, or copyright notice ©1964
300 ## - PHYSICAL DESCRIPTION
Extent xix,, 175 pages ;
Dimensions 20 cm
336 ## - CONTENT TYPE
Content type term text
Content type code txt
Source rdacontent
337 ## - MEDIA TYPE
Media type term unmediated
Media type code n
Source rdamedia
338 ## - CARRIER TYPE
Carrier type term volume
Carrier type code nc
Source rdacarrier
520 ## - SUMMARY, ETC.
Summary, etc. When chance brings Edward Tudor and Tom Canty together, they decide for fun to switch clothes and places. Exchanging their roles as heir to the throne of England and as a pauper's son, they learn how the other half really lives.
651 #0 - SUBJECT ADDED ENTRY--GEOGRAPHIC NAME
Geographic name London (England)
Form subdivision Fiction.
9 (RLIN) 5101
700 1# - ADDED ENTRY--PERSONAL NAME
Personal name Morris, Wright,
Dates associated with a name 1910-1998
9 (RLIN) 153908
942 ## - ADDED ENTRY ELEMENTS (KOHA)
Source of classification or shelving scheme Library of Congress Classification
Koha item type Book
Holdings
Withdrawn status Lost status Source of classification or shelving scheme Damaged status Not for loan Collection code Home library Current library Shelving location Date acquired Inventory number Total Checkouts Full call number Barcode Date last seen Date shelved Koha item type Public note
    Library of Congress Classification Kullanılmış / Used Ödünç Verilemez-Kurumiçi kullanım / Not for loan-For inhouse use Genel Koleksiyon Tıp Fakültesi Medikal Kütüphane Tıp Fakültesi Medikal Kütüphane Genel Koleksiyon / Main Collection 18/03/2026 İDE   PS1317 .A1 1964 TıpFaK TF03266 24/04/2026 24/04/2026 Book Donated by Prof. Dr. Şükrü Cin
Devinim Yazılım Eğitim Danışmanlık tarafından Koha'nın orjinal sürümü uyarlanarak geliştirilip kurulmuştur.